Las relaciones humanas y la escuela / (Registro nro. 22876)
[ vista simple ]
| 000 -CABECERA | |
|---|---|
| campo de control de longitud fija | 00900nam a2200253 a 4500 |
| 001 - NÚMERO DE CONTROL | |
| campo de control | 000023379 |
| 005 - FECHA Y HORA DE LA ÚLTIMA TRANSACCIÓN | |
| campo de control | 20200930022158.0 |
| 008 - DATOS DE LONGITUD FIJA--INFORMACIÓN GENERAL | |
| campo de control de longitud fija | 101206s1969 ag 000 0 spa d |
| 040 ## - FUENTE DE LA CATALOGACIÓN | |
| Centro catalogador/agencia de origen | DO-SdBNP |
| Lengua de catalogación | spa |
| Centro/agencia transcriptor | BNPHU |
| 082 ## - NÚMERO DE LA CLASIFICACIÓN DECIMAL DEWEY | |
| Número de clasificación | nn* |
| Número de documento/Ítem | nn* |
| 049 ## - FONDOS LOCALES (OCLC) | |
| Fondos de biblioteca | BNGR |
| 100 1# - ENTRADA PRINCIPAL--NOMBRE DE PERSONA | |
| Nombre de persona | Yauch, W. A. |
| 9 (RLIN) | 48158 |
| 240 10 - TÍTULO UNIFORME | |
| Título uniforme | Teacher´s encyclopedia. |
| Lenguaje de la obra | Español |
| 245 14 - MENCIÓN DE TÍTULO | |
| Título | Las relaciones humanas y la escuela / |
| Mención de responsabilidad, etc. | W. A. Yauch y G. C. Fusco ; traducción Leandro Wolfson. |
| 260 ## - PUBLICACIÓN, DISTRIBUCIÓN, ETC. | |
| Lugar de publicación, distribución, etc. | Buenos Aires : |
| Nombre del editor, distribuidor, etc. | Centro Regional de Ayuda Técnica, |
| Fecha de publicación, distribución, etc. | 1969. |
| 300 ## - DESCRIPCIÓN FÍSICA | |
| Extensión | 128 p. ; |
| Dimensiones | 18 cm. |
| 490 1# - MENCIÓN DE SERIE | |
| Mención de serie | Alianza para el Progreso |
| 534 ## - NOTA SOBRE LA VERSIÓN ORIGINAL | |
| Encabezamiento principal del original | Título del original inglés : |
| Mención de título del original | Teacher´s encyclopedia. |
| 504 ## - NOTA DE BIBLIOGRAFÍA, ETC. | |
| Nota de bibliografía, etc. | Bibliografía seleccionada : 124 p. |
| 504 ## - NOTA DE BIBLIOGRAFÍA, ETC. | |
| Nota de bibliografía, etc. | Bibliografía en castellano : 125-128 p. |
| 700 1# - PUNTO DE ACCESO ADICIONAL--NOMBRE DE PERSONA | |
| Nombre de persona | Wolfson, Leandro, |
| Término indicativo de función/relación | tr. |
| 9 (RLIN) | 8683 |
| 700 1# - PUNTO DE ACCESO ADICIONAL--NOMBRE DE PERSONA | |
| Nombre de persona | Fusco, G. C. |
| 9 (RLIN) | 48159 |
| 830 #0 - PUNTO DE ACCESO ADICIONAL DE SERIE-TÍTULO UNIFORME | |
| Título uniforme | Alianza para el Progreso |
| 9 (RLIN) | 41672 |
| Estado de retiro | Estado de pérdida | Restricciones de uso | No para préstamo | Código de colección | Localización permanente | Ubicación/localización actual | Ubicación en estantería | Fecha de adquisición | Número de inventario | Total de préstamos | Signatura topográfica completa | Código de barras | Fecha visto por última vez | Precio válido a partir de | Tipo de ítem Koha |
|---|---|---|---|---|---|---|---|---|---|---|---|---|---|---|---|
| Monografías: Libros y Folletos | General | General | En catalogación | 06.12.2010 | LF1 | nn* nn* | 23379-10 | 25.06.2020 | 25.06.2020 | Préstamo en sala |
